Countries That Start With S - Added A Mystery Country - Statistics

General Stats
  • This quiz has been taken 53 times
  • The average score is 21 of 27
Answer Stats
Hint Country % Correct
------------------------------------------------------------- Seychelles
90%
------------------------------------------------------------- South Korea
90%
------------------------------------------------------------- South Sudan
90%
------------------------------------------------------------- Sweden
90%
------------------------------------------------------------- Saint Vincent and the Grenadines
87%
------------------------------------------------------------- Sudan
87%
------------------------------------------------------------- Saint Kitts and Nevis
85%
------------------------------------------------------------- Saint Lucia
85%
------------------------------------------------------------- South Africa
85%
------------------------------------------------------------- Samoa
82%
------------------------------------------------------------- San Marino
82%
------------------------------------------------------------- Spain
82%
------------------------------------------------------------- Suriname
82%
------------------------------------------------------------- Switzerland
82%
------------------------------------------------------------- Singapore
79%
------------------------------------------------------------- Slovakia
79%
------------------------------------------------------------- Slovenia
79%
------------------------------------------------------------- Somalia
79%
------------------------------------------------------------- Serbia
77%
------------------------------------------------------------- Senegal
74%
------------------------------------------------------------- Solomon Islands
72%
------------------------------------------------------------- Sao Tome and Prinicpe
69%
------------------------------------------------------------- Syria
69%
------------------------------------------------------------- Saudi Arabia
67%
------------------------------------------------------------- Sierra Leone
59%
------------------------------------------------------------- Sri Lanka
51%
The Mysterious Smallest Country in the World Sealand
3%
No matching quizzes found
Score Distribution
Percent of People with Each Score
Percentile by Number Answered
Your Score History
You have not taken this quiz